| 000 | 00518nam a2200181Ia 4500 | ||
|---|---|---|---|
| 008 | 220216s9999 xx 000 0 und d | ||
| 100 | _aSuwardin D | ||
| 245 | 0 | _aOptimizing the quality control of SIR 20crumb rubber using the goal programming technique | |
| 260 |
_bIndonesian Journal of Natural Rubber Research _c1995 |
||
| 300 | _a188-194 | ||
| 650 | _aCrumb rubber | ||
| 650 | _aHevea brasiliensis | ||
| 650 | _aSIR 20 | ||
| 700 | _aBasith A | ||
| 700 | _aBudiman AFS | ||
| 700 | _aJamaran I | ||
| 942 | _cJS | ||
| 999 |
_c64448 _d64448 |
||